00314nam a2200121Ia 4500008004100000020001500041041001200056100001600068245006000084260002800144300001000172650001000182221030s9999 xx 000 0 und d a818975792X aEnglish aJ. B. Gupta 0aQuestion Bank in Electrical Engineeringcby J. B. Gupta bKatsonaNew Delhic2009 a15.36 aBB EE